00915nam a2200241 i 45000010005000000030009000050050017000140080041000310200018000720800018000901100019001082430047001272450128001742500035003022600032003373000023003696500048003927000044004407000032004848520021005169990015005379520121005529978ES-MaACL20250827062555.0940707s1994 sp l |||| | spa d a84-470-0318-3 a35(46)(094.4)1 aEspaña9362200aLeyes, etc., de administración pública10aCódigo de las leyes administrativas / c[recopiladas y anotadas por] Eduardo García de Enterría, José A. Escalante. a9ª ed., act. a enero de 1994. aMadrid : bCivitas, c1994. a3363 p. ; c24 cm. 7aDerecho administrativo-zEspaña291459921 aGarcía de Enterría, Eduardo.9544251 aEscalante, José A.947466 aES-MaACLjL-8118 c9978d9978 00104070aATENEOMbATENEOMcDEPO2d2008-01-17eSCl0oL-8118p1010185r2023-02-23 00:00:00w2023-02-23yMONOGRAFIA